Normal view
MARC view
- Gulbadan Begam
Entry Personal Name
001 - CONTROL NUMBER
- control field: 68444
003 - CONTROL NUMBER IDENTIFIER
- control field: NUST
005 - DATE AND TIME OF LATEST TRANSACTION
- control field: 20210628204040.0
008 - FIXED-LENGTH DATA ELEMENTS
- fixed length control field: 210628|| aca||aabn | a|a d
040 ## - CATALOGING SOURCE
- Original cataloging agency: NUST
- Transcribing agency: NUST
100 ## - HEADING--PERSONAL NAME
- Personal name: Gulbadan Begam
670 ## - SOURCE DATA FOUND
- Source citation: Work cat.: (NUST): Gulbadan Begam, Hamayun nama, 2012
